Welcome to the Holygrace Academy Library

Please use search bar below to get started

PREMAVUM STHREEPURUSHA SANKALPPAVUM (Record no. 1815)

MARC details
000 -LEADER
fixed length control field 00308nam a22001337a 4500
082 ## - DEWEY DECIMAL CLASSIFICATION NUMBER
Classification number 894.812
Item number KRI/P
100 ## - MAIN ENTRY--AUTHOR NAME
Personal name KRISHNAN NAIR,MANI
245 ## - TITLE STATEMENT
Title PREMAVUM STHREEPURUSHA SANKALPPAVUM
250 ## - EDITION STATEMENT
Edition statement FIRST
260 ## - PUBLICATION, DISTRIBUTION, ETC. (IMPRINT)
Place of publication TRIVANDRUM
Name of publisher NERUDA BOOKS
Year of publication 1996
300 ## - PHYSICAL DESCRIPTION
Number of Pages 51
650 ## - SUBJECT ADDED ENTRY--TOPICAL TERM
Topical Term STORY
Geographic subdivision KERALA
942 ## - ADDED ENTRY ELEMENTS (KOHA)
Koha item type Books
Holdings
Withdrawn status Lost status Collection code Home library Current library Shelving location Date acquired Source of acquisition Cost, normal purchase price Full call number Accession Number Koha item type
    Fiction Main Library Main Library SHELF-6C MALAYALAM SHORT STORIES 06/05/2006 PURCHASE 25.00 894.812 KRI/P 02342 Books